Strength of Materials (Record no. 16522)
[ view plain ]
| 000 -LEADER | |
|---|---|
| fixed length control field | 00221nam a2200097Ia 4500 |
| 008 - FIXED-LENGTH DATA ELEMENTS--GENERAL INFORMATION | |
| fixed length control field | 170619s9999 xx 000 0 und d |
| 100 ## - MAIN ENTRY--PERSONAL NAME | |
| Personal name | Narayana |
| 245 #0 - TITLE STATEMENT | |
| Title | Strength of Materials |
| 260 ## - PUBLICATION, DISTRIBUTION, ETC. | |
| Name of publisher, distributor, etc. | Dhanpat Rai Pub. |
| 260 ## - PUBLICATION, DISTRIBUTION, ETC. | |
| Date of publication, distribution, etc. | 2002 |
| 546 ## - LANGUAGE NOTE | |
| Language note | ENGLISH |
| Withdrawn status | Lost status | Source of classification or shelving scheme | Damaged status | Not for loan | Home library | Current library | Date acquired | Source of acquisition | Total Checkouts | Barcode | Date last seen | Price effective from | Koha item type | Date last checked out |
|---|---|---|---|---|---|---|---|---|---|---|---|---|---|---|
| IIMT Engineering College-BTech | IIMT Engineering College-BTech | 04/20/2002 | 29 | 06-B-3280 | 07/03/2017 | 07/03/2017 | Text-Book- for 7 days | |||||||
| IIMT Engineering College-BTech | IIMT Engineering College-BTech | 04/20/2002 | 29 | 2 | 06-B-3281 | 09/24/2024 | 07/03/2017 | Book Bank | 05/28/2024 | |||||
| IIMT Engineering College-BTech | IIMT Engineering College-BTech | 04/20/2002 | 29 | 06-B-3282 | 07/03/2017 | 07/03/2017 | Text-Book- for 7 days | |||||||
| IIMT Engineering College-BTech | IIMT Engineering College-BTech | 04/20/2002 | 29 | 06-B-3283 | 07/03/2017 | 07/03/2017 | Text-Book- for 7 days | |||||||
| IIMT Engineering College-BTech | IIMT Engineering College-BTech | 04/20/2002 | 29 | 06-B-3299 | 07/03/2017 | 07/03/2017 | Text-Book- for 7 days | |||||||
| IIMT Engineering College-BTech | IIMT Engineering College-BTech | 04/20/2002 | 29 | 06-B-3300 | 07/03/2017 | 07/03/2017 | Text-Book- for 7 days |

